Managing recruitment training and development : a sourcebook of activities

Bibliographic Details
Main Author: Christopher, Elizabeth M
Format: Book
Published: New Delhi : Viva Books , 2005
Subjects:

MARC

LEADER 00000cam a2200000 7i4500
001 0000038284
005 20131107.0
008 131107
020 |a 8176490164 
090 0 0 |a 658.311   |b CHR 
100 1 |a Christopher, Elizabeth M 
245 1 0 |a Managing recruitment training and development :   |b a sourcebook of activities   |c Elizabeth M Christopher & Larry E Smith 
260 |a New Delhi :   |b Viva Books ,   |c 2005 
650 0 |a Executives   |x Training of personnel recruitment 
650 0 |a Personnel management   |x Study and teaching 
999 |a 0001243276   |b Book   |c Adult Collection   |e Perbadanan Perpustakaan Awam Johor